Effet de la supple`mentation en feuilles de manioc fermente`es sur la croissance des poulets dechair. (Record no. 1585)

000 -LEADER
fixed length control field 00423nam a22001457a 4500
003 - CONTROL NUMBER IDENTIFIER
control field OSt
005 - DATE AND TIME OF LATEST TRANSACTION
control field 20151001135525.0
008 - FIXED-LENGTH DATA ELEMENTS--GENERAL INFORMATION
fixed length control field 151001b xxu||||| |||| 00| 0 eng d
040 ## - CATALOGING SOURCE
Transcribing agency RUA
082 ## - DEWEY DECIMAL CLASSIFICATION NUMBER
Classification number AGR POE 2002 B062 Or.1
100 ## - MAIN ENTRY--PERSONAL NAME
9 (RLIN) 1683
Personal name POEU, RADETH.
245 ## - TITLE STATEMENT
Title Effet de la supple`mentation en feuilles de manioc fermente`es sur la croissance des poulets dechair.
300 ## - PHYSICAL DESCRIPTION
Extent 33p.
Other physical details ill.
Dimensions 29cm.
942 ## - ADDED ENTRY ELEMENTS (KOHA)
Source of classification or shelving scheme
Koha item type AGR
Holdings
Price effective from Date last seen Permanent Location Not for loan Date acquired Source of classification or shelving scheme Koha item type Lost status Withdrawn status Date last checked out Total Checkouts Shelving location Damaged status Barcode Current Location Full call number
2015-10-012015-10-01Library Block B 2015-10-01 AGR    B062 rua007127Library Block BAGR POE 2002 B062 Or.1
2015-10-012015-10-01Library Block B 2015-10-01 AGR    B062 rua007016Library Block BAGR POE 2002 B062 Or.2
2015-10-012015-10-01Library Block B 2015-10-01 AGR    B062 rua007128Library Block BAGR POE 2002 B062 Or.3
2015-10-012015-10-01Library Block B 2015-10-01 AGR    B062 rua007130Library Block BAGR POE 2002 B062 Or.4
2015-10-012016-07-12Library Block B 2015-10-01 AGR  2016-06-211B062 rua008164Library Block BAGR POE 2002 B062 Or.5
2015-10-012015-10-01Library Block B 2015-10-01 AGR    B062 rua006380Library Block BAGR POE 2002 B062 Or.6
2015-10-012015-10-01Library Block B 2015-10-01 AGR    B062 rua007129Library Block BAGR POE 2002 B062 Or.7
2015-10-012015-10-01Library Block B 2015-10-01 AGR    B062 rua008091Library Block BAGR POE 2002 B062 Or.8
មជ្ឈមណ្ឌលឯការនៃសាកលវិទ្យាល័យភូមិន្ទកសិកម្មចំការដូង

Powered by Koha